| 000 | 01068nam1a2200313 i 4500 | ||
|---|---|---|---|
| 001 | RU\NLR\bibl\431131 | ||
| 005 | 20260406151554.0 | ||
| 010 | _a5-8405-0190-5 | ||
| 035 | _a(NLR Aleph) 000424984 | ||
| 090 |
_a718703 _c718703 |
||
| 100 | _a20030827d20039999u y0rusy50 ca | ||
| 101 | 1 |
_arus _cfre |
|
| 102 | _aRU | ||
| 105 | _a||||z ||||| | ||
| 200 | 1 |
_aИзбранные сочинения _eВ 3 т. _fСтендаль _g[Пер. с фр., коммент. Б.Акимова] |
|
| 210 |
_aМ. _cМир кн. _cЛитература _d2003 |
||
| 215 | _d20 | ||
| 225 | 1 |
_aЗолотая серия _eЗС _iЗарубежная литература |
|
| 300 | _aНа обл. только авт. и загл. сер. | ||
| 463 | 0 | _1001424514 | |
| 463 | 0 | _1001428145 | |
| 463 | 0 | _1001535899 | |
| 686 | _aШ6(4Фр)57-44{Лх1646-45} | ||
| 700 | 1 |
_4070 _7ca _8rus _aСтендаль _f1783-1842 _3RU\NLR\AUTH\775430 _9115394 |
|
| 801 | 0 |
_aRU _bNLR _c20030827 _gPSBO |
|
| 801 | 1 |
_aRU _bNLR _c20030827 |
|
| 852 |
_aNLR _j2003-3/18965 |
||
| 942 | _cBOOK | ||